000 00282nam a22001337a 4500
008 170606b xxu||||| |||| 00| 0 eng d
020 _a9781572597525
041 _aeng
080 _a32
100 _a18
101 _aSHH
245 _aWORLD POLITICS
_cRUSSETT,B
942 _2udc
_cBK
999 _c16174
_d16174